000 01271nam a2200241 i 4500
001 165576
003 ES-MaACL
005 20250930063147.0
008 981026m18551859sp |||| | spa d
040 _aCCPB | B
_bspa
_cCCPB | B
100 1 _aSoriano Fuertes, Mariano,
_d1817-1880
_9152764
245 1 0 _aHistoria de la música española
_b: desde la venida de los fenicios hasta el año de 1850 /
_cpor Mariano Soriano Fuertes.
260 _aMadrid :
_bMartín y Salazar ;
_aBarcelona :
_bNarciso Ramírez,
_c1855-1859.
300 _a4 v. ;
_c25 cm.
500 _aÍndices.
505 8 _aContiene: v. 1. 235, IV p., partituras (24 p.), 1 h. de lám. (retrato del autor) -- v. 2. 239, III p., partituras (39 p.) -- v. 3. 243, II p., partituras (26 p.) -- v. 4. 396, X p., partituras (63 p.)
530 _aDisponible también en sitio web.
599 _aPrecede a la port. un retrato de Mariano Soriano Fuertes, firmado: "Léveillè delt.; Imp. Lemercier, Paris"
650 4 _aMúsica española-
_xHistoria.
_9136570
852 _aES-MaACL
_jG-4009-10
_z-- Enc. hol.
_z-- 4 t. en 2 v.
856 _uhttp://bibliotecadigitalhispanica.bne.es:80/webclient/DeliveryManager?pid=2142575&custom_att_2=simple_viewer
_zIr a la página
999 _c165576
_d165576